Biodiversity assessment and long-term monitoring, Lower Urubamba Region, Perú / (Registro nro. 1517)
[ vista simple ]
| 000 -CABECERA | |
|---|---|
| Campo de control | 01287cam a22003014a 4500 |
| 005 - FECHA Y HORA DE LA ULTIMA TRANSACCION | |
| Campo de control | 20180803164917.0 |
| 008 - ELEMENTOS DE LONGITUD FIJA—INFORMACION GENERAL | |
| Campo de control | 990212m1997uuuudcua b f000 0 eng |
| 020 ## - ISBN | |
| ISBN | 1893912000 (v. 1) |
| 020 ## - ISBN | |
| ISBN | 1893912019 (v. 2). |
| 040 ## - FUENTE DE CATALOGACIÓN | |
| Agencia catalogadora original | DLC |
| Agencia transcriptora | DLC |
| Agencia Modificadora | DLC |
| -- | WaU |
| -- | DLC |
| -- | CO-BoIAVH |
| 041 0# - IDIOMA | |
| Código de idioma para texto/pista de sonido o título separado | Inglés |
| Código de idioma del sumario o resumen/título o subtítulo sobreimpreso | spa |
| 044 ## - PAÍS DE PUBLICACIÓN | |
| País de publicación | Estados Unidos |
| 082 04 - NUMERO DE CLASIFICACION DECIMAL DEWEY | |
| Número de clasificación | 577 |
| Número del ítem | B61b |
| 245 00 - MENCION DE TITULO | |
| Título | Biodiversity assessment and long-term monitoring, Lower Urubamba Region, Perú / |
| Mención de responsabilidad | edited by Francisco Dallmeier and Alfonso Alonso. |
| 260 ## - PUBLICACION, DISTRIBUCION, ETC. (PIE DE IMPRENTA) | |
| Lugar de publicación, distribución, etc. | Washington, DC : |
| Nombre del editor, distribuidor, etc. | Smithsonian Institution, SI/MAB Biodiversity Program, Institute for Conservation Biology, |
| Fecha de publicación, distribución, etc. | c1997-<c1999 > |
| 300 ## - DESCRIPCION FISICA | |
| Extensión | Volúmenes <1-3 > : |
| Otros detalles físicos | Ilustraciones ; |
| Dimensiones | 28 x 20 cm. |
| 504 ## - NOTA DE BIBLIOGRAFIA, ETC. | |
| Nota de bibliografía | Incluye referencias bibliográficas. |
| 505 1# - NOTA DE CONTENIDO | |
| Nota de contenido | [V.1] San Martin-3 and Cashiriari-2 well sites |
| 505 1# - NOTA DE CONTENIDO | |
| Nota de contenido | [V.2] Cashiriari-3 well site and the Camisea and Urubamba Rivers |
| 505 1# - NOTA DE CONTENIDO | |
| Nota de contenido | [V.3] Pagoreni well site : assessment and training. |
| 650 #0 - ASIENTO SECUNDARIO DE MATERIA - TERMINO TEMATICO | |
| Término temático o nombre geográfico como elemento de entrada | Biodiversity |
| Subdivisión geográfica | Peru |
| -- | Urubamba River Valley. |
| 9 (RLIN) | 62603 |
| 650 #0 - ASIENTO SECUNDARIO DE MATERIA - TERMINO TEMATICO | |
| Término temático o nombre geográfico como elemento de entrada | Biodiversity |
| Subdivisión general | Monitoring |
| Subdivisión geográfica | Peru |
| -- | Urubamba River Valley. |
| 9 (RLIN) | 62604 |
| 650 16 - ASIENTO SECUNDARIO DE MATERIA - TERMINO TEMATICO | |
| Término temático o nombre geográfico como elemento de entrada | Biodiversidad |
| 9 (RLIN) | 92204 |
| 650 26 - ASIENTO SECUNDARIO DE MATERIA - TERMINO TEMATICO | |
| Término temático o nombre geográfico como elemento de entrada | Evaluación ambiental |
| 9 (RLIN) | 62606 |
| 700 1# - ASIENTO SECUNDARIO - NOMBRE PERSONAL | |
| Nombre personal | Dallmeier, Francisco. |
| 9 (RLIN) | 11505 |
| 700 1# - ASIENTO SECUNDARIO - NOMBRE PERSONAL | |
| Nombre personal | Alonso, Alfonso. |
| 9 (RLIN) | 12664 |
| 942 ## - ELEMENTOS ADICIONALES (KOHA) | |
| Sistema de clasificación | Dewey Decimal Classification |
| Tipo de ítem | Libro |
| Withdrawn status | Lost status | Sistema de Clasificación | Damaged status | No para préstamo | Colección | Inventariado | Ubicación Permanente | Ubicación actual | Fecha de adquisición | Fuente de Valor | Valor | Total Checkouts | Número topográfico | Inventario / Código de Barras | Date last seen | Ejemplar | Price effective from | Forma de adquisición | Tipo de material |
|---|---|---|---|---|---|---|---|---|---|---|---|---|---|---|---|---|---|---|---|
| Dewey Decimal Classification | General | Inventariado 2017 | Bogotá | Bogotá | 17/04/2001 | Instituto | 39000.00 | LB-577 B61b | 002099 | 04/12/2012 | V.1 Ej.1 | 04/12/2012 | Libro | ||||||
| Dewey Decimal Classification | General | Inventariado 2017 | Bogotá | Bogotá | 17/04/2001 | Instituto | 39000.00 | LB-577 B61b | 002100 | 04/12/2012 | V.2 Ej.1 | 04/12/2012 | Libro | ||||||
| Dewey Decimal Classification | General | Inventariado 2017 | Bogotá | Bogotá | 17/04/2001 | Instituto | 39000.00 | LB-577 B61b | 002101 | 04/12/2012 | V.3 Ej.1 | 04/12/2012 | Libro | ||||||
| Dewey Decimal Classification | General | Inventariado 2017 | Sala Fabio Quevedo | Sala Fabio Quevedo | 03/11/1999 | Instituto | 39000.00 | LB-577 B61b | 003685 | 04/12/2012 | V.1 Ej.2 | 04/12/2012 | Donación | Libro | |||||
| Dewey Decimal Classification | General | Inventariado 2017 | Sala Fabio Quevedo | Sala Fabio Quevedo | 03/11/1999 | Instituto | 39000.00 | LB-577 B61b | 003686 | 04/12/2012 | V.2 Ej.2 | 04/12/2012 | Donación | Libro | |||||
| Dewey Decimal Classification | General | Inventariado 2017 | Sala Fabio Quevedo | Sala Fabio Quevedo | 03/11/1999 | Instituto | 39000.00 | LB-577 B61b | 003687 | 04/12/2012 | V.3 Ej.2 | 04/12/2012 | Donación | Libro |